Welcome to the Holygrace Academy Library

Please use search bar below to get started

TOP 10OF EVERYTHING 2013 (Record no. 1872)

MARC details
000 -LEADER
fixed length control field 00317nam a22001337a 4500
020 ## - INTERNATIONAL STANDARD BOOK NUMBER
ISBN 978-0-600-62687-9
082 ## - DEWEY DECIMAL CLASSIFICATION NUMBER
Classification number 001
Item number ASH/T
100 ## - MAIN ENTRY--AUTHOR NAME
Personal name ASH, CAROLINE
245 ## - TITLE STATEMENT
Title TOP 10OF EVERYTHING 2013
260 ## - PUBLICATION, DISTRIBUTION, ETC. (IMPRINT)
Place of publication GREAT BRITAIN
Name of publisher HAMLYN
Year of publication 2012
300 ## - PHYSICAL DESCRIPTION
Number of Pages 256
650 ## - SUBJECT ADDED ENTRY--TOPICAL TERM
Topical Term GENERAL KNOWLEDGE
Geographic subdivision GREAT BRITAIN
942 ## - ADDED ENTRY ELEMENTS (KOHA)
Koha item type Books
Holdings
Withdrawn status Lost status Collection code Home library Current library Shelving location Date acquired Source of acquisition Cost, normal purchase price Full call number Accession Number Koha item type
    Reference Main Library Main Library SHELF 1-C ENCYCLOPEDIAS ,G K REFERENCE 29/11/2013 purchase 1595.00 001 ASH/T 07363 Books
    Reference Main Library Main Library SHELF 1-C ENCYCLOPEDIAS ,G K REFERENCE 22/11/2013 purchase 1595.00 001 ASH/T 07364 Books